Jeux de mots - Homophones - 1 - Statistiques

Statistiques générales
  • Ce quiz a été pris 131 fois
  • Le résultat moyen est 6 sur 15
Statistiques - réponses
Hint Réponse % Correct
Mon premier parle. Mon second recouvre le bras. Mon tout est un jour de la semaine. Je suis... Dimanche
98%
Mon premier est de qualité. Mon second est le contraire de la nuit. Mon est un terme de politesse. Je suis... Bonjour
89%
Mon premier est à elle. Mon second me parle. Mon tout est un jour de la semaine. Je suis... Samedi
78%
Mon premier permet de s'amuser. Mon second parle. Mon tout est un jour de la semaine. Je suis... Jeudi
64%
Mon premier l'est lorsque que la bouche est ouverte d'admiration. Mon second l'est lorsque que la bouche est ouverte d'admiration. Mon tout tête le biberon. Je suis... Bébé
42%
Mon premier se trouve dans le pain. Mon second fait mal. Mon tout est joli. Je suis... Mignon
42%
Mon premier permet de se baigner. Mon second est ici. Mon est un terme de politesse. Je suis... Merci
39%
Mon premier permet d'y dormir. Mon second fait partie d'un arbre. Mon tout désigne une bouteille de vin dans la culture populaire. Je suis... Litron
33%
Mon premier est une note de musique. Mon second désigne une personne d'origine arabe. Mon tout est un travail soutenu, éreintant. Je suis... Labeur
23%
Mon premier est une note de musique. Mon second donne le départ. Mon tout désigne des branchages servant à faire du feu. Je suis... Fagot
18%
Mon premier est beuglé par la vache. Mon second permet de pêcher crabes et homards. Mon tout désigne une manifestation hostile. Je suis... Menace
17%
Mon premier peut servir à qualifier les femmes collectivement. Mon second est lui. Mon tout est aimable, bienveillant. Je suis... Gentil
15%
Mon premier a un groin. Mon second n'est pas nous. Mon tout peut laisser un fluide. Je suis... Poreux
12%
Mon premier vit dans les bois. Mon second est une particule. Mon tout se trouve dans une basse-cour. Je suis... Dinde
9%
Mon premier permet aux vaches de brouter. Mon second se pose là. Mon tout est un résumé. Je suis... Précis
8%
Aucun quiz correspondant
Distribution des résultats
% des personnes avec chaque résultat
Percentile par nombre de réponses
Votre historique - résultats
Vous n’avez pas pris ce quiz